Informationsverarbeitung Englisch - Deutsch - Französisch - Rusisch

Guardado en:
Detalles Bibliográficos
Autor principal: Bürger, Erich
Formato: Libro
Lenguaje:alemán
inglés
francés
ruso
Publicado: Berlin Technik 1979
Colección:Technik - Wörterbuch
Etiquetas: Agregar Etiqueta
Sin Etiquetas, Sea el primero en etiquetar este registro!

MARC

LEADER 00000nam a2200000 4500
001 c132781
005 20041019155256.2
041 0 |a ger 
041 0 |a eng 
041 0 |a fre 
041 0 |a rus 
044 |a DE 
245 1 0 |a Informationsverarbeitung  |b Englisch - Deutsch - Französisch - Rusisch  |c Erich Bürger 
264 1 |a Berlin  |b Technik  |c 1979 
300 |a 463 s. 
490 1 |a Technik - Wörterbuch 
830 0 |a Technik - Wörterbuch 
100 1 |a Bürger, Erich